Video Games By Image A-Z #4 - Flash - Statistics

General Stats
  • This quiz has been taken 35 times
  • The average score is 4 of 26
Answer Stats
Picture Answer % Correct
The Fancy Pants Adventures
56%
QWOP
50%
Winnie the Pooh's Home Run Derby
41%
Earn To Die
25%
Super Smash Flash
25%
Alien Hominid
22%
Transformice
22%
VVVVVV
22%
Line Rider
19%
Poptropica
19%
Cover Orange
16%
N
16%
Zed
9%
Bin Weevils
6%
Desktop Tower Defense
6%
GROW Island
6%
Jumba's Lab
3%
One Chance
3%
Robot Unicorn Attack
3%
Yeti Sports: Pingu Throw
3%
Heavy Weapon
0%
I Wish I Were The Moon
0%
Kiwi's Quest
0%
MiniMonos
0%
UPIXO in Action: Mission in Snowdriftland
0%
Xnake
0%
No matching quizzes found
Score Distribution
Percent of People with Each Score
Percentile by Number Answered
Your Score History
You have not taken this quiz